| Tag |
First Indicator |
Second Indicator |
Subfields |
| LEADER |
00000cam a22000001a 4500 |
| 001 |
in00003286313 |
| 006 |
m d f |
| 007 |
cr bn mmmapmmp |
| 008 |
110909s2007 dcua o f000 0 eng d |
| 005 |
20260504145607.5 |
| 035 |
|
|
|a chdc200700121
|
| 040 |
|
|
|a ProQuest
|c ProQuest
|d UtOrBLW
|
| 043 |
|
|
|a n-us---
|
| 074 |
|
|
|a 1035-B-01
|
| 074 |
|
|
|a 1035-B-01 (online)
|
| 074 |
|
|
|a 1035-B-02 (MF)
|
| 074 |
|
|
|a 1035-B-02 (online)
|
| 088 |
|
|
|a Serial no. 110-5 (United States. Congress. House. Committee on the Budget)
|
| 099 |
|
|
|a HRG-2007-BGH-0007
|
| 110 |
1 |
|
|a United States.
|b Congress.
|b House.
|b Committee on the Budget.
|
| 245 |
1 |
0 |
|a Treasury Department fiscal year 2008 budget :
|b hearing before the Committee on the Budget, House of Representatives, One Hundred Tenth Congress, first session, hearing held in Washington, DC, February 7, 2007.
|
| 264 |
|
1 |
|a Washington :
|b U.S. G.P.O. :
|c 2007.
|
| 264 |
|
2 |
|a Washington :
|b For sale by the Supt. of Docs., U.S. G.P.O.,
|
| 300 |
|
|
|a 1 online resource.
|
| 336 |
|
|
|a text
|b txt
|2 rdacontent
|
| 337 |
|
|
|a computer
|b c
|2 rdamedia
|
| 338 |
|
|
|a online resource
|b cr
|2 rdacarrier
|
| 500 |
|
|
|a Distributed to some depository libraries in microfiche.
|
| 500 |
|
|
|a Shipping list number: 2007-0275-P.
|
| 500 |
|
|
|a "Serial number 110-5."
|
| 530 |
|
|
|a Also available via Internet from the GPO Access web site. Address as of 5/22/07: http://frwebgate.access.gpo.gov/cgi-bin/getdoc.cgi?dbname=110h̲ouseh̲earings&docid=f:33752.pdf; current access is available via PURL.
|
| 500 |
|
|
|a Reuse of record except for individual research requires license from ProQuest, LLC.
|
| 500 |
|
|
|a Electronic resource.
|
| 538 |
|
|
|a System requirements: PDF reader software.
|
| 650 |
|
0 |
|a Tax revenue estimating
|z United States.
|
| 650 |
|
0 |
|a Budget deficits
|z United States.
|
| 650 |
|
0 |
|a Economic forecasting
|z United States.
|
| 650 |
|
0 |
|a Government spending policy
|z United States.
|
| 651 |
|
0 |
|a United States
|x Economic conditions
|x Forecasting.
|
| 655 |
|
7 |
|a Electronic books.
|2 local
|
| 710 |
2 |
|
|a ProQuest (Firm)
|
| 776 |
0 |
8 |
|i Print version:
|a United States.Congress.House.Committee on the Budget.
|t Treasury Department fiscal year 2008 budget
|w (DLC)2007414585
|w (OCoLC)133101832
|z 9780160785979
|z 0160785979
|
| 776 |
0 |
8 |
|i Microfiche version:
|a United States.Congress.House.Committee on the Budget.
|t Treasury Department fiscal year 2008 budget
|d [Bethesda, Md.] : ProQuest LLC, [2004]
|o CIS 2007 H261-8
|w (ProQuest)cis00700149
|
| 830 |
|
0 |
|a U.S. Congressional Hearings.
|
| 856 |
4 |
0 |
|u http://proxy.library.tamu.edu/login?url=https://congressional.proquest.com/congcomp/getdoc?HEARING-ID=HRG-2007-BGH-0007
|z Connect to the full text of this electronic book
|t 0
|
| 998 |
|
|
|a cis00700149
|
| 999 |
|
|
|a MARS
|
| 999 |
f |
f |
|s 1e4d4c62-e8a1-3833-a397-5b5ef531533a
|i 114a2a3d-c37c-3fe8-b3e5-1ccbe4e495f2
|t 0
|
| 952 |
f |
f |
|a Texas A&M University
|b College Station
|c Electronic Resources
|s www_evans
|d Available Online
|t 0
|e HRG-2007-BGH-0007
|h Other scheme
|
| 998 |
f |
f |
|a HRG-2007-BGH-0007
|t 0
|l Available Online
|